Attributes for JIT purchasing and supplier evaluation - a survey (Record no. 36701)

000 -LEADER
fixed length control field 00461pab a2200181 454500
008 - FIXED-LENGTH DATA ELEMENTS--GENERAL INFORMATION
fixed length control field 180718b1997 xxu||||| |||| 00| 0 eng d
100 ## - MAIN ENTRY--PERSONAL NAME
Personal name Garg, Dixit
245 ## - TITLE STATEMENT
Title Attributes for JIT purchasing and supplier evaluation - a survey
260 ## - PUBLICATION, DISTRIBUTION, ETC.
Date of publication, distribution, etc. 1997
300 ## - PHYSICAL DESCRIPTION
Extent p.322-33
362 ## - DATES OF PUBLICATION AND/OR SEQUENTIAL DESIGNATION
Dates of publication and/or sequential designation Jul-Sep
650 ## - SUBJECT ADDED ENTRY--TOPICAL TERM
Topical term or geographic name entry element Management
650 ## - SUBJECT ADDED ENTRY--TOPICAL TERM
Topical term or geographic name entry element Manufacturing industry
700 ## - ADDED ENTRY--PERSONAL NAME
Personal name Kaul, O.N.
700 ## - ADDED ENTRY--PERSONAL NAME
Personal name Deshmukh, S.G.
773 ## - HOST ITEM ENTRY
Main entry heading Productivity
909 ## -
-- 36701
Holdings
Withdrawn status Lost status Damaged status Not for loan Permanent Location Current Location Date acquired Serial Enumeration / chronology Barcode Date last seen Price effective from Koha item type
        Indian Institute of Public Administration Indian Institute of Public Administration 2018-07-19 Volume no: 38, Issue no: 2 AR37019 2018-07-19 2018-07-19 Articles

Powered by Koha